000 00989cad a22002415a 4500
001 L151513
008 101112s2010 xxkd f 000 0 eng d
035 _a(Sirsi) u151513
041 0 _aeng
050 0 4 _a338.4569 $2 18
110 2 _aFederation of Master Builders
_9465
245 0 0 _aFMB state of trade survey
_bthird quarter 2010
_h[electronic resource]
260 _aLondon
_bFMB
_c2010
490 0 _aFMB State of Trade Survey
_vThird Quarter 2010
520 _aThe FMB survey for the third quarter of 2010 showed that construction workloads continued to decline, an 11th consecutive quarterly fall.
521 2 _aAdvanced
590 _aKA NTK
650 2 4 _aFEDERATION OF MASTER BUILDERS STATE OF TRADE SURVEY
651 4 _aUnited Kingdom
_y
690 _aBUILT ENVIRONMENT-CONSTRUCTION MARKET
856 4 0 _uhttps://www.fmb.org.uk/information-and-help/publications/state-of-trade-survey/2010/?entryid24=209722
_zView the survey free of charge at www.fmb.org.uk
942 _n0
999 _c111417
_d111417